Statistiques concernant Prénoms de stars - Série 13

Cliquez ici pour prendre le quiz!

Statistiques générales

  • Ce quiz a été pris 177 fois
  • Le résultat moyen est 6 sur 10

Statistiques - réponses

NomPrénom% Correct
SegaraHélène
99%
FabianLara
97%
PietriJulie
90%
MasJeanne
87%
RingerCatherine
76%
AubretIsabelle
44%
LassoGloria
35%
LemaireGeorgette
26%
BoccaraFrida
21%
DulacJacqueline
11%

Distribution des résultats

Percentile par nombre de réponses

% des personnes avec chaque résultat

Votre développement - résultats

Vous n’avez pas pris ce quiz